Agua que uses déjala limpia (Registro nro. 16437)
[ vista simple ]
| 000 -CABECERA | |
|---|---|
| Campo de control | 007480000a22002530004500 |
| 041 0# - IDIOMA | |
| Código de idioma para texto/pista de sonido o título separado | |
| 090 ## - CLASIFICACIÓN LOCAL | |
| Colección | MM |
| Consecutivo | 00046 |
| 041 0# - IDIOMA | |
| Código de idioma para texto/pista de sonido o título separado | |
| 044 ## - PAÍS DE PUBLICACIÓN | |
| País de publicación | |
| 110 1# - ASIENTO PRINCIPAL--NOMBRE CORPORATIVO | |
| Nombre corporativo o de jurisdicción como elemento de entrada | Imágenes Producciones |
| 245 10 - MENCION DE TITULO | |
| Título | Agua que uses déjala limpia |
| Version | resumen de todos los programas |
| 260 ## - PUBLICACION, DISTRIBUCION, ETC. (PIE DE IMPRENTA) | |
| Lugar de publicación, distribución, etc. | s.l. |
| Nombre del editor, distribuidor, etc. | Imágenes Producciones |
| Fecha de publicación, distribución, etc. | 1996 |
| 300 ## - DESCRIPCION FISICA | |
| Extensión | 35 min. |
| Otros detalles físicos | VHS |
| 500 ## - NOTA GENERAL | |
| Nota general | <Programa Los animales y el hombre> |
| 650 14 - ASIENTO SECUNDARIO DE MATERIA - TERMINO TEMATICO | |
| Término temático o nombre geográfico como elemento de entrada | Agua |
| 650 14 - ASIENTO SECUNDARIO DE MATERIA - TERMINO TEMATICO | |
| Término temático o nombre geográfico como elemento de entrada | Recursos hídricos |
| 650 14 - ASIENTO SECUNDARIO DE MATERIA - TERMINO TEMATICO | |
| Término temático o nombre geográfico como elemento de entrada | Uso del agua |
| 650 14 - ASIENTO SECUNDARIO DE MATERIA - TERMINO TEMATICO | |
| Término temático o nombre geográfico como elemento de entrada | Educación ambiental |
| 651 #4 - ASIENTO SECUNDARIO DE MATERIA - NOMBRE GEOGRAFICO | |
| -- | Antioquia |
| -- | Colombia |
| 651 #4 - ASIENTO SECUNDARIO DE MATERIA - NOMBRE GEOGRAFICO | |
| -- | Tolima |
| -- | Colombia |
| 651 #4 - ASIENTO SECUNDARIO DE MATERIA - NOMBRE GEOGRAFICO | |
| -- | Caldas |
| -- | Colombia |
| 651 #4 - ASIENTO SECUNDARIO DE MATERIA - NOMBRE GEOGRAFICO | |
| -- | Risaralda |
| -- | Colombia |
| 942 ## - ELEMENTOS ADICIONALES (KOHA) | |
| Tipo de ítem | CD-ROM |
| Withdrawn status | Lost status | Sistema de Clasificación | Damaged status | No para préstamo | Colección | Ubicación Permanente | Ubicación actual | Fecha de adquisición | Fuente de Valor | Total Checkouts | Número topográfico | Inventario / Código de Barras | Date last seen | Ejemplar | Price effective from | Forma de adquisición | Tipo de material |
|---|---|---|---|---|---|---|---|---|---|---|---|---|---|---|---|---|---|
| Local | Audiovisual | Bogotá | Bogotá | 09/02/2017 | Desconocido | AV-00046 | 014181 | 25/03/2015 | Ej. 1 | 25/03/2015 | Donación | VHS | |||||
| Audiovisual | Villa de Leyva | Villa de Leyva | 27/02/2015 | MM 00046 | AUTO_19716 | 25/03/2015 | 25/03/2015 | CD-ROM |